[Event "Begonia op 44th"]
[Site "Ballarat"]
[Date "2010.03.06"]
[Round "1"]
[White "Tan, Justin Hy"]
[Black "Wallmueller, Joerg"]
[Result "1/2-1/2"]
[WhiteElo "1901"]
[BlackElo "1846"]
[PlyCount "80"]
[EventDate "2010.03.06"]
[EventType "swiss"]
[EventRounds "7"]
[EventCountry "AUS"]
[SourceTitle "EXT 2019"]
[Source "ChessBase"]
[SourceDate "2018.10.10"]
[SourceVersion "1"]
[SourceVersionDate "2018.10.10"]
[SourceQuality "1"]

1. e4 e6 2. d4 d5 3. Nc3 Nf6 4. e5 Nfd7 5. f4 c5 6. Nf3 Nc6 7. Be3 cxd4 8. Nxd4 Bc5 9. Qd2 a6 10. 0-0-0 Nxd4 11. Bxd4 0-0 12. Bxc5 Nxc5 13. Qd4 Qc7 14. h4 b5 15. h5 Rb8 16. a3 Bd7 17. f5 exf5 18. Nxd5 Nb3+ 19. Kb1 Nxd4 20. Nxc7 Rb7 21. Nxa6 Ne6 22. h6 Rc8 23. Nb4 Nc5 24. Nd5 Be6 25. hxg7 Kxg7 26. Nf6 h6 27. Rd4 Ne4 28. Nxe4 fxe4 29. g4 Rc5 30. Bg2 Rxe5 31. Rxe4 Rxe4 32. Bxe4 Rc7 33. Rg1 Rc5 34. Bf3 Rg5 35. Rg2 Kf6 36. Be2 Ke5 37. Bxb5 h5 38. a4 hxg4 39. Bc6 Bd5 40. Bxd5 Kxd5 1/2-1/2